<?xml version="1.0" encoding="UTF-8"?>
<collection xmlns="http://www.loc.gov/MARC21/slim">
 <record>
  <leader>01198nam a22001937a 4500</leader>
  <controlfield tag="001">NCT_95424</controlfield>
  <controlfield tag="008">211224b        xxu||||| |||| 00| 0 vie d</controlfield>
  <datafield tag="999" ind1=" " ind2=" ">
   <subfield code="c">4739</subfield>
   <subfield code="d">4739</subfield>
  </datafield>
  <datafield tag="020" ind1=" " ind2=" ">
   <subfield code="a">9781449320232</subfield>
   <subfield code="c">1370000</subfield>
  </datafield>
  <datafield tag="082" ind1="0" ind2="4">
   <subfield code="2">23rd ed.</subfield>
   <subfield code="a">005.1</subfield>
   <subfield code="b">S524</subfield>
  </datafield>
  <datafield tag="100" ind1="1" ind2=" ">
   <subfield code="a">Shackles, Greg</subfield>
  </datafield>
  <datafield tag="245" ind1="1" ind2="0">
   <subfield code="a">Mobile development with C#</subfield>
   <subfield code="c">Greg Shackles</subfield>
  </datafield>
  <datafield tag="260" ind1=" " ind2=" ">
   <subfield code="a">California</subfield>
   <subfield code="b">O'reilly Media, Inc.</subfield>
   <subfield code="c">2012</subfield>
  </datafield>
  <datafield tag="300" ind1=" " ind2=" ">
   <subfield code="a">xi, 155 p.</subfield>
   <subfield code="b">ill.</subfield>
   <subfield code="c">24cm</subfield>
  </datafield>
  <datafield tag="520" ind1="3" ind2=" ">
   <subfield code="a">This book shows you how to reuse one codebase across all three platforms by combining the business logic layer of your C# app with separate, fully native UIs. It's an ideal marriage of platform-specific development and the &quot;write once, run everywhere&quot; philosophy. By building a series of simple applications, you'll experience the advantages of using .NET in mobile development and learn how to write complete apps that access the unique features of today's three most important mobile platforms.</subfield>
  </datafield>
  <datafield tag="653" ind1=" " ind2=" ">
   <subfield code="a">Công nghệ thông tin</subfield>
  </datafield>
  <datafield tag="942" ind1=" " ind2=" ">
   <subfield code="2">ddc</subfield>
   <subfield code="c">BK</subfield>
  </datafield>
  <datafield tag="952" ind1=" " ind2=" ">
   <subfield code="0">0</subfield>
   <subfield code="1">0</subfield>
   <subfield code="2">ddc</subfield>
   <subfield code="4">0</subfield>
   <subfield code="6">005_100000000000000_S524</subfield>
   <subfield code="7">0</subfield>
   <subfield code="9">22117</subfield>
   <subfield code="a">000001</subfield>
   <subfield code="b">000001</subfield>
   <subfield code="d">2021-12-24</subfield>
   <subfield code="o">005.1 S524</subfield>
   <subfield code="p">MD.19183</subfield>
   <subfield code="r">2021-12-24</subfield>
   <subfield code="v">999999.99</subfield>
   <subfield code="w">2021-12-24</subfield>
   <subfield code="y">BK</subfield>
  </datafield>
  <datafield tag="980" ind1=" " ind2=" ">
   <subfield code="a">Thư viện Trường Đại học Nam Cần Thơ</subfield>
  </datafield>
 </record>
</collection>
